Dictionary of science and technology

ग्रंथसूची विवरण
अन्य लेखक: Walker P. M. B. Peter M. B.
भाषा:अंग्रेज़ी
प्रकाशित: Edinburgh, Larousse, 1995
श्रृंखला:Larousse
विषय:
स्वरूप: पुस्तक
KOHA link:https://koha.lib.tpu.ru/cgi-bin/koha/opac-detail.pl?biblionumber=13362

MARC

LEADER 00000nam0a2200000 4500
001 13362
005 20231030184938.0
010 |a 0752300105 
035 |a (RuTPU)RU\TPU\book\13444 
035 |a BOOK00013511 
090 |a 13362 
100 |a 20011209d1995 km y0engy50 ba 
101 0 |a eng 
102 |a GB 
105 |a y e 000zy 
200 1 |a Dictionary of science and technology  |f General Editor P. M. B. Walker 
210 |a Edinburgh  |c Larousse  |d 1995 
215 |a 1236 p. 
225 1 |a Larousse 
610 1 |a английский язык 
610 1 |a терминологические словари 
610 1 |a наука 
610 1 |a техника 
675 |a 62(031)  |v 3 
686 |a Ш143.21-43  |v LBC/SL-A  |2 rubbk 
686 |a Ч21  |v LBC/SL-A  |2 rubbk 
702 1 |a Walker  |b P. M. B.  |g Peter M. B. 
801 0 |a RU  |b 63413507  |c 20011209  |g PSBO 
801 2 |a RU  |b 63413507  |c 20110719  |g PSBO 
942 |c BK